000 00380nam a2200145Ia 4500
008 210210b2000 xxu||||| |||| 00| 0 eng d
082 _aT894.1 ARUT
100 _aARUNABJA
245 _aTulu Mahabharatho.
260 _aMangaluru.
_bKarnataka Tulu Sahitya Academy.
_c2000
300 _ax,59,377
650 _aTulu Mahabharata Kavya
690 _aTulu Poetr
906 _a05634
999 _c103841
_d103841